00595cam a22001577a 4500008004000000082001400040245008600054250001200140260003700152300001000189500010200199650003200301650002700333650001900360700005800379180718b1958 xxu||||| |||| 00| 0 eng d aD613 L532 aUnited Nations textbookcby Leiden. University. Study Group for International Law a3rd ed. aLeidenbLeiden Univ. Pressc1958 a442p. aTexts of important UN documents, constitution of ILO and texts of modern regional pacts; Rs.32.30 aInternational law --Sources aTreaties --Collections aUnited Nations aLeiden. University. Study Group for International Law